小田急電鉄の通過する市区町村 +α - Statistics

General Stats
  • This quiz has been taken 36 times
  • The average score is 23 of 26
Answer Stats
Answer % Correct
新宿区
100%
世田谷区
100%
狛江市
97%
川崎市
97%
町田市
97%
川崎市
88%
町田市
88%
川崎市
88%
相模原市
88%
座間市
88%
海老名市
88%
厚木市
88%
伊勢原市
88%
小田原市
88%
川崎市
84%
町田市
84%
秦野市
84%
開成町
84%
相模原市
81%
大和市
81%
藤沢市
81%
川崎市
81%
多摩市
81%
小田原市
81%
箱根町
81%
松田町
78%
No matching quizzes found
Score Distribution
Percent of People with Each Score
Percentile by Number Answered
Your Score History
You have not taken this quiz